000 00847nam a2200253 i 4500
001 23908
003 ES-MaACL
005 20250808012057.0
007 t|
008 021213s1963 sp a ||||1| spa d
080 _a271.73(460.156)
080 _a946.63"15/16"
100 1 _aAnorbin, Antón de.
_921815
245 1 5 _aUnas monjas rebeldes
_b: estampas históricas de la vida vitoriana de los siglos XVI y XVII /
_cAntón de Anorbin.
260 _aVitoria :
_bEl Carmen,
_c1963.
300 _aIX, 228 p. :
_bil. ;
_c19 cm.
500 _aCon la colaboración de la Institución Sancho el Sabio.
500 _aÍndice.
650 0 7 _aVida monástica y religiosa femenina
_2embne
_9155560
651 4 _aÁlava-
_xHistoria.
_9153513
710 2 _aInstitución "Sancho el Sabio"
_94734
852 _aES-MaACL
_jC-24929
999 _c23908
_d23908